00951cam a22002773a 45000010008000000030009000080050017000170070008000340080038000420100006000800400025000861000016001112450078001272600043002053000021002484900023002696000009002927000030003018300023003319420012003549450038003669520105004049520112005099560035006219990017006560000726DO-SdBNP20171212120117.00000726861112 19uu sp 000 0 spa d a  aBPMSUcspadBPMSUd 1 aTwain, Mark14aLas aventuras de Tom Sawyer / cMark Twain ; traducción Simon Santaines aBarcelona, España :bMateu,c[19--]. a292 p. :c19 cm.0 aJuvenil Cadetev3000a x 12aSantaines, Simónetrad. aJuvenil Cadeten30 2ddccBK aInventariado extranjero 2017 / YL 00102ddc40708CJ-GaBPMETbBPMETd2016-10-17eFundil0pBPMSU16100217r2016-10-17w2016-10-17yBK 00102ddc40708CJ-GaBPMETbBPMETd2017-02-13eFundil0pBPMSU17020024r2017-02-13tej. 2w2017-02-13yBK aYLOCKWARDb10cBPMSUd20171212 c11586d11586